Foundations of Quantum Mechanics Since the Bell Inequalities : Selected Reprints

Αποθηκεύτηκε σε:
Λεπτομέρειες βιβλιογραφικής εγγραφής
Άλλοι συγγραφείς: Ballentine, Leslie E. (Επιμελητής έκδοσης)
Μορφή: Βιβλίο
Γλώσσα:English
Δημοσίευση: College Park, Md. : American Association of Physics Teachers, c1988
Θέματα:
Ετικέτες: Προσθήκη ετικέτας
Δεν υπάρχουν, Καταχωρήστε ετικέτα πρώτοι!

MARC

LEADER 00000cam a2200000 i 4500
001 1/53727
008 951027s1988 eng d
020 |a 0-917853-33-4 
035 |1 ΕΛΗ  |a 1995  |b 2410  |c ΜΑΡΟΥΛΗΣ  |l 10044787 
040 |a GR-MY-UA  |b gre  |e aacr 
041 0 |a eng 
082 0 |a 530.12 
245 1 0 |a Foundations of Quantum Mechanics Since the Bell Inequalities :  |b Selected Reprints /  |c edited by L.E. Ballentine 
260 |a College Park, Md. :   |b American Association of Physics Teachers,   |c c1988 
300 |a 156 p.;  |b ill.;  |c 28 cm. 
500 |a Includes bibliographical references. 
650 0 0 |a Quantum theory. 
700 1 |a Ballentine, Leslie E.  |e edt 
852 |a INST  |b SAMOS  |e 19951027  |h 530.12 FOU  |p 005300009259  |q 005300009259  |t BK  |y 0 
901 |a BIBL-1997-1 
909 |a Σ  |b 048942